00754nam a2200241 a 4500001001300000003000900013005001700022008004100039020001000080082001600090100003100106245008100137260003300218300000900251500003500260505001300295650002700308700003100335902000800366942000700374952011600381999001500497nice12345678IN_TiNIC20260116012214.0050524s1973 lona grp 000 0 eng  ac10000a207.11bWCC aWorld Council Of, Churches aLearning in Contextb Search for Innovative Patterns in Theological Educatio aLondonbNew Life Pressc1973 a199p aincludes index and biblioraphy2 aAppendex aTheological-Seminaries1 aWorld Council Of, Churches bSRS cBK 001040708StackRoom-aHMIbHMId2007-06-14g100.00l0o207.11 WCCp08132r2007-06-14v100.00w2005-05-24yBK c6068d6068